00288 a2200133 450000100060000002000060000604000260001210000380003824000250007624500200010130000070012136200090012865000170013750075 a  cAnchieta - Bela Vista aRede Nacional Primeiro Infância10aDeixa eu falar!lpor10aDeixa eu falar! a320 a2011 4aEducação